Taylor Swift - Devine les chansons par leurs 1ère phrases #6 - Statistiques

Statistiques générales
  • Ce quiz a été pris 218 fois
  • Le résultat moyen est 9 sur 15
Statistiques - réponses
Hint Réponse % Correct
Mr. "Perfect face" Mr. Perfectly Fine
92%
Vintage tee, brand new phone cardigan
85%
I walked through the door with you All Too Well
80%
Nice to meet you, where you been? Blank Space
79%
No, nothin' good starts in a *** Getaway Car
76%
You're talking shit for the hell of it Karma
69%
I sit and watch you reading with your Tolerate it
63%
We were crazy to think False God
57%
There I was again tonight Enchanted
54%
I saw in my mind fairy lights through the mist So Long, London
53%
I am not the kind of girl Speak Now
46%
Clear blue water This Love
46%
You take a deep breath Fifteen
37%
I feel *** every time I look at you So High School
35%
Seems the only one who doesn't see your beauty Tied Together With a Smile
15%
Aucun quiz correspondant
Distribution des résultats
% des personnes avec chaque résultat
Percentile par nombre de réponses
Votre historique - résultats
Vous n’avez pas pris ce quiz